Database Tunning (Record no. 88)

MARC details
000 -LEADER
fixed length control field 00373nam a2200169Ia 4500
008 - FIXED-LENGTH DATA ELEMENTS--GENERAL INFORMATION
fixed length control field 221030s9999 xx 000 0 und d
020 ## - INTERNATIONAL STANDARD BOOK NUMBER
ISBN 8181473248
041 ## - LANGUAGE CODE
Language code of text/sound track or separate title
082 ## - DEWEY DECIMAL CLASSIFICATION NUMBER
Classification number 105.23
Item number Sha
100 ## - MAIN ENTRY--AUTHOR NAME
Personal name D. Shasha
245 #0 - TITLE STATEMENT
Title Database Tunning
260 ## - PUBLICATION, DISTRIBUTION, ETC. (IMPRINT)
Name of publisher Morgan Kaufman
Place of publication USA
Year of publication 2003
300 ## - PHYSICAL DESCRIPTION
Number of Pages 415
650 ## - SUBJECT ADDED ENTRY--TOPICAL TERM
Topical Term COMPUTERS
700 ## - ADDED ENTRY--PERSONAL NAME
Personal name P. Bonnet
942 ## - ADDED ENTRY ELEMENTS (KOHA)
Koha item type Books
Holdings
Accession Number Cost, normal purchase price Full call number Price effective from Koha item type Withdrawn / writtenoff status Materials specified (bound volume or other part) Damaged status Not for loan Permanent Location Current Location Shelving location Date acquired Lost/ Missing status department
M 91 395.00 105.23 Sha 10/30/2022 Books   Print     MIET Library, Jammu MIET Library, Jammu BL-Academic Block- B, FL-2, CUP-97, SH-4, R-4 05/01/2004   MCA